Music Quiz

Random Music Quiz

ULTIMATE SNSD FANS ONLY!! Quiz Stats

Quiz not verified by Sporcle

Also try: Billy Joel Songs
Challenge
Share
Tweet
Embed
Score 0/130 Timer 10:00
0 Plays Today
Hint Answer % Correct
Yuri's number?19
80.1%
Taeyeonmarch
79.8%
who fixed the scooter?tiffany
78.5%
Human JukeboxTiffany
78.5%
Just work hard.tiffany
78.5%
Bugs?tiffany
78.5%
who is the last one to join the girls?Taeyeon
78.2%
AjummaTaeyeon
78.2%
Dont do something you will regret later.taeyeon
78.2%
who is the fruit peeler expert?Taeyeon
78.2%
wants to be a math teacher?Taeyeon
78.2%
who was the barista?Yuri
77.7%
SicaJessica
77.7%
KkamchiYuri
77.7%
follow your heartjessica
77.7%
Cucumbers?jessica
77.7%
Who becomes feminine when close to guys?yuri
77.7%
who is the organized queen?Yuri
77.7%
who cries when their angry?Jessica
77.7%
Loves mickey mouse?Yuri
77.7%
who says 'STRESS!'Jessica
77.7%
who was designing clothes?Yoona
77.6%
who is the first one to appear behind the genie lamp?Yoona
77.6%
who has their arms crossed when walking?Yoona
77.6%
YoongYoona
77.6%
Be confident in everything.yoona
77.6%
Who is the strongest?Yoona
77.6%
who was looking for a new pair of shoes?Hyoyeon
76%
who jumped when they greeted each other?Hyoyeon
76%
Who is wearing stripped shorts?Hyoyeon
76%
HyorengiHyoyeon
76%
Everyone that works hard will succeed.hyoyeon
76%
who has the most piercings?Hyoyeon
76%
who was playing with an airplane?Seohyun
74.9%
During Tiffany's first part who is at the end of the line?Seohyun
74.9%
who is in the middle when they are all standing together?Seohyun
74.9%
who is in complete black?Seohyun
74.9%
SeororoSeohyun
74.9%
if your dream is alive, then some day it will come true.seohyun
74.9%
who says 'SUPER STAR SHINING STAR SUPER STAR'?Sunny
74.7%
who's wearing a hat?Sunny
74.7%
who backed away slightly when the flashes began?Sunny
74.7%
who is wearing stripped tights?Sunny
74.7%
DJ SoonSunny
74.7%
Hint Answer % Correct
everyday Sunny daysunny
74.7%
Milk?sunny
74.7%
Fireworks? (phobia)sunny
74.7%
who keeps chestnuts in her purse?Sunny
74.7%
last to join SNSD?Sunny
74.7%
who is on the drums?Sooyoung
73.8%
NaSooSooyoung
73.8%
Lets not procrastinate.sooyoung
73.8%
Sunnymay
73.5%
Yoonamay
73.5%
Tiffanyaugust
73%
Jessica1989
72.6%
sunny1989
72.6%
taeyeon1989
72.6%
tiffany1989
72.6%
hyoyeon1989
72.6%
yuri1989
72.6%
yuridecember
71.6%
sooyoung1990
71.5%
yoona1990
71.5%
Jessicaapril
71.2%
Seohyunjune
71%
seohyun1991
71%
Jessica18
70%
Hyoyeonseptember
69.8%
Hyoyeon22
68.3%
Taeyeon's number?22
68.3%
sooyoungfebruary
66.5%
Sunny15
66.4%
Yoona30
64%
Sooyoung10
63%
Seohyun28
61.1%
who spray painted the wall? (two members)Jessica and Sunny
46.9%
What color flower does Tiffany have when exiting the car?Pink
39.8%
Sunny's number?26
39.7%
who was working on the airplane?Taeyeon and Sooyoung
39.2%
Taeyeon9
38.8%
Yuri5
36.5%
Tiffany1
35.9%
During Taeyeon's first part what color is her shirt?Yellow
31.8%
During seohyun's part what is the color of the ring she has on?Yellow
31.8%
what is the color of taeyeon's jacket when they're walking?Yellow
31.8%
Tiffany's number?7
26.1%
what time does Seohyun wake up?7
26.1%
Hint Answer % Correct
Yuri likes what day of the week?Friday
25%
Jessica's number?52
22%
Seohyun's number?64
20.2%
Yoona's number?93
20.1%
what shape does seohyun form with her fingers?a heart
19.3%
Hyoyeon's number?85
17.6%
what perfume are they applying?Girl
17.5%
Sunny's fans are called?Sunshiners
16.8%
Sooyoung's number8
16.6%
Yuri's fans are called?Yurisistable
15.7%
Sooyoung's fans are called?Sooyoungsters
14%
on IY season 1?Sunny and Yuri
13.3%
BIRTH DAY
11.9%
BIRTH MONTH
11.9%
INTO THE NEW WORLD MV
11.9%
BIRTH YEAR
11.9%
GIRLS GENERATION MV
11.9%
TWINKLE MV
11.9%
GENIE MV
11.9%
PAPARAZZI
11.9%
NICKNAMES
11.9%
MOTTO
11.9%
FACTS
11.9%
seohyuns fans are called?Seomates
11.9%
who is wearing a hat?Taeyeon and yoona
8.8%
Taeyeon lost her phone... where was it found?refridgerator
8.6%
who's hair is put in pigtails?Seohyun and Sunny
5.4%
who are on the pianos?Seohyun and sunny
5.4%
Sooyoung once said tiffany's voice is like what?peanut butter
4.8%
The second group to appear is?Taeyeon, Tiffany and Sunny
3.9%
Where was seohyun when her group appeared?inside the cake
3.9%
who was the only ones not wearing a hat while in white suits?Yuri and Sooyoung
3.8%
what does the cake say that Sooyoung, Seohyun and Hyoyeon are holding?i love you
3.4%
what is the name of the song before the performance?I'm singing in the rain
3.4%
what are the colors of the dresses at the end?Yellow, pink and red
3.2%
who are at the microphones?Taeyeon, Yuri and yoona
3.1%
the third group to appear is?Sooyoung, Hyoyeon and Seohyun
3.1%
During the time that they are getting ready what color are the robes?pink, blue and white
3%
the first group to appear is?Yoona, Jessica and Yuri
3%
who was Sunny's folding screen?Hyomin (T-ara)
2%
who is on the guitars/bass?Jessica, Hyoyeon, Tiffany
1.8%
who is wearing stripped socks?Sunny, Taeyeon, Jessica and Hyoyeon
1.5%

You're not logged in!

Compare scores with friends on all Sporcle quizzes.
Join for Free
OR
Log In

You Might Also Like...

Show Comments

Extras

Top Quizzes Today


Score Distribution

Your Account Isn't Verified!

In order to create a playlist on Sporcle, you need to verify the email address you used during registration. Go to your Sporcle Settings to finish the process.

Report this User

Report this user for behavior that violates our Community Guidelines.

Details: